000
00355nam a2200157Ia 4500
003
OSt
005
20231209111309.0
008
170524s9999 xx 000 0 und d
020
_a
9780070619852
040
_c
IIMT UNIVERSITY
100
_a
Hughes
245
0
_a
SOFTWARE PROJECT MANAGEMENT
260
_b
TMH New Delhi
260
_c
2008
942
_2
ddc
_c
02
999
_c
4756
_d
4756